El neofascismo en América Latina /

Furkejuvvon:
Bibliográfalaš dieđut
Váldodahkki: Briones Alvaro
Materiálatiipa: Texto
Fáttát:
Fáddágilkorat: Lasit fáddágilkoriid
Eai fáddágilkorat, Lasit vuosttaš fáddágilkora!

MARC

LEADER 00000 a a2200000 04500
001 41743
003
040
100 |a Briones Alvaro  
245 |a El neofascismo en América Latina /  |c Alvaro Briones  
650 |a EXTREMISMO  
650 |a CAPITALISMO  
650 |a AMERICA LATINA  
650 |a BURGUESIA  
650 |a IMPEREALISMO  
773 |g volumen6, número23 (1975), páginas 25-50  
999 |c 21960  |d 21960